header

Eugene O'Neill's America (Record no. 11013)

MARC details
000 -LEADER
fixed length control field 02007nam a2200385 a 4500
082 04 - DEWEY DECIMAL CLASSIFICATION NUMBER
Classification number 812/.52
-- B
100 1# - MAIN ENTRY--AUTHOR NAME
Personal name Diggins, John P.
245 10 - TITLE STATEMENT
Title Eugene O'Neill's America
260 ## - PUBLICATION, DISTRIBUTION, ETC. (IMPRINT)
Place of publication Chicago :
Name of publisher University of Chicago Press,
Year of publication 2007.
300 ## - PHYSICAL DESCRIPTION
Number of Pages xv, 305 p.
505 0# - FORMATTED CONTENTS NOTE
Formatted contents note Knowers unknown to ourselves -- The misery of the misbegotten -- The playwright as thinker -- Anarchism: the politics of the "long loneliness" -- Beginnings of American history -- "Lust for possession" -- Possessed and self-dispossessed -- "Is you a nigger, nigger?" -- "The merest sham": women and marriage -- Religion and the death of death -- "The Greek dream in tragedy is the noblest ever" -- Waiting for hickey -- The theater as temple.
650 #0 - SUBJECT ADDED ENTRY--TOPICAL TERM
Topical Term Dramatists, American
Topical Term Dramatists, American
Topical Term Dramatists, American
856 40 - ELECTRONIC LOCATION AND ACCESS
Uniform Resource Identifier http://site.ebrary.com/lib/rucke/Doc?id=10266057

No items available.

© 2026 Rongo University
Contact us: librarian | system librarian | Rongo university